000 00523nam a2200157Ia 4500
008 210716s2011 xx 000 0 und d
020 _a9788126516926
041 _aeng
082 _a003.54 GODN
100 _aGodbole, Nina.
245 _aInformation systems security: security management metrics frameworks and best practices.
_bSecurity management metrics frameworks and best practices.
250 _a1
260 _aNew Delhi
_bWiley India Pvt Ltd
_c2011
300 _axliv,961
650 _aInformation Theory(003.54)
999 _c191520
_d191520